Artemia in solar saltworks

Enregistré dans:
Détails bibliographiques
Format: Livre
Langue:Undetermined
Publié: Belgium Belgium national foundation for scientific research 1986
Sujets:
Tags: Ajouter un tag
Pas de tags, Soyez le premier à ajouter un tag!
Thư viện lưu trữ: Trung tâm Học liệu Trường Đại học Cần Thơ
LEADER 00432nam a2200157Ia 4500
001 CTU_160183
008 210402s9999 xx 000 0 und d
082 |a 595.32 
082 |b A786s 
245 0 |a Artemia in solar saltworks 
260 |a Belgium 
260 |b Belgium national foundation for scientific research 
260 |c 1986 
650 |a Artemia 
904 |i Năm 
980 |a Trung tâm Học liệu Trường Đại học Cần Thơ